Amerikan 10 pinta-alaltaan suurinta valtiota - Statistics

Yleistilastot
  • Tätä visaa on pelattu 3 485 kertaa
  • Keskiarvotulos 9 / 10
Vastaustilastot
km2 Valtio % Oikein
9 984 670 Kanada
100%
9 525 067 Yhdysvallat
99%
8 515 767 Brasilia
98%
1 964 375 Meksiko
97%
2 780 400 Argentiina
96%
756 102 Chile
94%
1 285 216 Peru
91%
1 141 748 Kolumbia
90%
1 098 581 Bolivia
86%
916 445 Venezuela
86%
Ehtoja vastaavia visoja ei löytynyt
Tulosjakauma
Jokaisen tuloksen saaneiden osuus
Persentiili vastausten määrän mukaan
Tuloshistoriasi
Et ole pelannut tätä visaa